[Event "Bulgaria ch 2012"]
[Site "Panagyurishte BUL"]
[Date "2012.04.18"]
[Round "1.1"]
[White "Milchev, Nikolay"]
[Black "Cheparinov, Ivan"]
[Result "0-1"]
[WhiteElo "2421"]
[BlackElo "2664"]
[PlyCount "90"]
[EventDate "2012.04.18"]
[EventType "tourn"]
[EventRounds "11"]
[EventCountry "BUL"]
[EventCategory "11"]
[Source "lmi"]
[SourceDate "2012.04.18"]

1. Nf3 c5 2. c4 g6 3. d4 Bg7 4. d5 d6 5. e4 e6 6. h3 Ne7 7. Nc3 exd5 8. cxd5
O-O 9. Bf4 a6 10. a4 h6 11. Bd3 g5 12. Bh2 Ng6 13. Bg3 Qe7 14. Qe2 Nd7 15. h4
g4 16. Nd2 Nde5 17. Bc2 h5 18. f4 gxf3 19. gxf3 Bh6 20. O-O-O b5 21. Rdg1 b4
22. Nd1 c4 23. f4 Bg4 24. Qf1 c3 25. fxe5 cxd2+ 26. Kb1 b3 27. Bxb3 Rab8 28.
Bc2 Qb7 29. b3 Rfc8 30. Qd3 Qb4 31. e6 Be2 32. exf7+ Kh8 33. Qxe2 Rxc2 34. Qd3
Rc1+ 35. Ka2 Ra1+ 36. Kxa1 Qa3+ 37. Kb1 Rxb3+ 38. Qxb3 Qxb3+ 39. Nb2 Bg7 40. e5
d1=Q+ 41. Rxd1 Qxg3 42. exd6 Qe5 43. Rd2 Qe4+ 44. Ka2 Qxh1 45. d7 Bf6 0-1

[Event "Bulgaria ch 2012"]
[Site "Panagyurishte BUL"]
[Date "2012.04.18"]
[Round "1.2"]
[White "Delchev, Aleksander"]
[Black "Nikolov, Momchil"]
[Result "1/2-1/2"]
[WhiteElo "2622"]
[BlackElo "2550"]
[PlyCount "108"]
[EventDate "2012.04.18"]
[EventType "tourn"]
[EventRounds "11"]
[EventCountry "BUL"]
[EventCategory "11"]
[Source "lmi"]
[SourceDate "2012.04.18"]

1. Nf3 Nf6 2. c4 c5 3. g3 d5 4. Bg2 Nc6 5. O-O d4 6. e3 e5 7. exd4 exd4 8. d3
Be7 9. Bf4 O-O 10. Ne5 Nxe5 11. Bxe5 Ng4 12. Bf4 Bd6 13. h3 Nf6 14. Bg5 h6 15.
Bxf6 Qxf6 16. Nd2 Rb8 17. Ne4 Qd8 18. Qh5 b6 19. Rae1 Bc7 20. f4 Bb7 21. Re2
Qd7 22. Rfe1 Bxe4 23. Bxe4 Rfe8 24. Kg2 Kf8 25. Bd5 Rxe2+ 26. Rxe2 Re8 27. Re4
Re7 28. b3 Bd6 29. h4 Bc7 30. Qe2 Bd6 31. h5 Qf5 32. Qf3 g6 33. hxg6 fxg6 34.
Rxe7 Bxe7 35. Be4 Qf6 36. Qg4 Kg7 37. Qd7 a5 38. g4 Qd6 39. Qe8 Qe6 40. f5 gxf5
41. gxf5 Qf6 42. Kf3 Qg5 43. Qg6+ Qxg6 44. fxg6 Kf6 45. Bf5 Bf8 46. Ke4 h5 47.
Bh3 Kxg6 48. Kd5 Bh6 49. Kc6 Bd2 50. Kxb6 Bb4 51. Kb5 Kf6 52. Ka4 Ke5 53. a3
Bd2 54. Kb5 Kd6 1/2-1/2

[Event "Bulgaria ch 2012"]
[Site "Panagyurishte BUL"]
[Date "2012.04.18"]
[Round "1.3"]
[White "Enchev, Ivajlo"]
[Black "Rusev, Krasimir"]
[Result "0-1"]
[WhiteElo "2432"]
[BlackElo "2516"]
[PlyCount "58"]
[EventDate "2012.04.18"]
[EventType "tourn"]
[EventRounds "11"]
[EventCountry "BUL"]
[EventCategory "11"]
[Source "lmi"]
[SourceDate "2012.04.18"]

1. d4 d5 2. c4 e6 3. Nc3 c5 4. e3 Nf6 5. Nf3 a6 6. Bd3 dxc4 7. Bxc4 b5 8. Bb3
Bb7 9. O-O Nbd7 10. Qe2 Be7 11. Rd1 Qc7 12. d5 c4 13. dxe6 fxe6 14. Bc2 O-O 15.
Nd4 Bc5 16. Nxe6 Qc6 17. Nf4 Nb6 18. e4 Rae8 19. Be3 Bxe3 20. Qxe3 Qc7 21. f3
Ng4 22. fxg4 Rxf4 23. h3 Rf6 24. Qd4 h6 25. Nd5 Nxd5 26. exd5 Rf4 27. Qc3 Qc5+
28. Kh2 Re2 29. Re1 Rxg2+ 0-1

[Event "Bulgaria ch 2012"]
[Site "Panagyurishte BUL"]
[Date "2012.04.18"]
[Round "1.4"]
[White "Petkov, Vladimir"]
[Black "Janev, Evgeni"]
[Result "1-0"]
[WhiteElo "2509"]
[BlackElo "2484"]
[PlyCount "59"]
[EventDate "2012.04.18"]
[EventType "tourn"]
[EventRounds "11"]
[EventCountry "BUL"]
[EventCategory "11"]
[Source "lmi"]
[SourceDate "2012.04.18"]

1. d4 d6 2. Nf3 Bg4 3. e4 Nf6 4. h3 Bh5 5. Nc3 c6 6. g4 Bg6 7. Qe2 e6 8. h4 h5
9. g5 Nfd7 10. Bh3 Be7 11. Nd2 d5 12. f4 dxe4 13. Ndxe4 Nb6 14. Be3 Nd5 15.
O-O-O Nd7 16. f5 Bxf5 17. Bxf5 exf5 18. Nxd5 cxd5 19. Nc3 Nb6 20. Bf4 Rc8 21.
Rhe1 Qd7 22. Be5 Rxc3 23. Bxg7 Rc7 24. Bxh8 Qa4 25. Kb1 Nc4 26. Bf6 Qb5 27. c3
f4 28. b3 Nd6 29. Bxe7 Qxe2 30. Bxd6 1-0

[Event "Bulgaria ch 2012"]
[Site "Panagyurishte BUL"]
[Date "2012.04.18"]
[Round "1.5"]
[White "Arnaudov, G. Petar"]
[Black "Spasov, Vasil"]
[Result "1/2-1/2"]
[WhiteElo "2476"]
[BlackElo "2571"]
[PlyCount "189"]
[EventDate "2012.04.18"]
[EventType "tourn"]
[EventRounds "11"]
[EventCountry "BUL"]
[EventCategory "11"]
[Source "lmi"]
[SourceDate "2012.04.18"]

1. Nf3 Nf6 2. c4 g6 3. Nc3 Bg7 4. e4 d6 5. d4 O-O 6. h3 e5 7. d5 a5 8. g4 Na6
9. Be3 Nd7 10. a3 Nac5 11. Rg1 a4 12. Nd2 Nb6 13. Qc2 Bd7 14. O-O-O c6 15. Kb1
Qe7 16. Be2 Rfc8 17. h4 cxd5 18. exd5 e4 19. Ndxe4 Nxe4 20. Qxe4 Qxe4+ 21. Nxe4
Nxc4 22. Bxc4 Rxc4 23. Nxd6 Rxg4 24. Rxg4 Bxg4 25. Rd2 Rb8 26. Ka2 Rd8 27. Nc4
b5 28. Nb6 Bf8 29. b3 axb3+ 30. Kxb3 Bf3 31. a4 bxa4+ 32. Kxa4 Be7 33. Bg5 f6
34. Be3 g5 35. d6 Bxd6 36. hxg5 Be7 37. Rxd8+ Bxd8 38. gxf6 Kf7 39. Nc4 Kxf6
40. Bf4 h5 41. Bg3 Kf5 42. Kb4 h4 43. Bh2 Bf6 44. Ne3+ Ke4 45. Kc4 h3 46. Nd5
Be2+ 47. Kc5 Bd4+ 48. Kc6 Bf3 49. Kd6 Bg4 50. Ne3 Bc8 51. Nd5 Ba7 52. Kc6 Bg4
53. Nf4 Bb8 54. Nxh3 Bxh2 55. f3+ Kxf3 56. Ng5+ Kf4 57. Nf7 Ke4 58. Nd6+ Ke5
59. Nc4+ Kd4 60. Nd6 Bf3+ 61. Kd7 Kd5 62. Ne8 Ke5 63. Nd6 Bd5 64. Nb5 Bg1 65.
Nd6 Bb3 66. Kc6 Ba4+ 67. Kc7 Kd5 68. Nb7 Bd4 69. Nd8 Be5+ 70. Kb6 Bd7 71. Nb7
Be8 72. Nd8 Bf4 73. Nb7 Ba4 74. Nd8 Bg5 75. Kc7 Bc2 76. Nb7 Be4 77. Kb6 Ke5 78.
Kc7 Be3 79. Nd8 Kd5 80. Nb7 Ke6 81. Nd8+ Ke7 82. Nc6+ Ke8 83. Kd6 Bf4+ 84. Kc5
Kd7 85. Nd4 Be3 86. Kc4 Kd6 87. Nb5+ Ke5 88. Nc3 Bf5 89. Ne2 Bc8 90. Kd3 Bg5
91. Nc3 Ba6+ 92. Kc2 Kd4 93. Nd1 Bd3+ 94. Kb3 Bf5 95. Nb2 1/2-1/2

[Event "Bulgaria ch 2012"]
[Site "Panagyurishte BUL"]
[Date "2012.04.18"]
[Round "1.6"]
[White "Marholev, Dimitar"]
[Black "Radulski, Julian"]
[Result "0-1"]
[WhiteElo "2383"]
[BlackElo "2552"]
[PlyCount "42"]
[EventDate "2012.04.18"]
[EventType "tourn"]
[EventRounds "11"]
[EventCountry "BUL"]
[EventCategory "11"]
[Source "lmi"]
[SourceDate "2012.04.18"]

1. d4 d5 2. c4 e6 3. Nc3 Be7 4. Nf3 Nf6 5. g3 O-O 6. Bg2 dxc4 7. Ne5 Nc6 8.
Bxc6 bxc6 9. Nxc6 Qe8 10. Nxe7+ Qxe7 11. Qa4 c5 12. Qa3 Qb7 13. d5 exd5 14. O-O
d4 15. Bg5 Bh3 16. f3 Bxf1 17. Bxf6 dxc3 18. Qxc3 gxf6 19. Qxf6 Qb6 20. Qg5+
Qg6 21. Qxg6+ hxg6 0-1

[Event "Bulgaria ch 2012"]
[Site "Panagyurishte BUL"]
[Date "2012.04.19"]
[Round "2.1"]
[White "Cheparinov, Ivan"]
[Black "Radulski, Julian"]
[Result "1-0"]
[WhiteElo "2664"]
[BlackElo "2552"]
[PlyCount "81"]
[EventDate "2012.04.18"]
[EventType "tourn"]
[EventRounds "11"]
[EventCountry "BUL"]
[EventCategory "11"]
[Source "lmi"]
[SourceDate "2012.04.18"]

1. d4 d5 2. c4 e6 3. Nf3 Be7 4. g3 f5 5. Bg2 Nf6 6. O-O O-O 7. b3 Bd7 8. Ba3
Be8 9. Qc1 Nc6 10. Bxe7 Qxe7 11. Nc3 Rd8 12. e3 Bh5 13. Rb1 Ne4 14. b4 Nxb4 15.
a3 Nd3 16. Qc2 dxc4 17. Rxb7 Rb8 18. Rxb8 Rxb8 19. Nxe4 fxe4 20. Ne5 Nxe5 21.
dxe5 Qc5 22. Bxe4 Qxe5 23. Qxc4 c5 24. Rc1 Rc8 25. Rb1 Kh8 26. a4 Be2 27. Qc2
Qh5 28. Rb7 Rd8 29. Qd2 Rg8 30. Qd6 Qh3 31. Bg2 Qf5 32. e4 Qf8 33. Qxe6 c4 34.
h4 Qc5 35. Qe7 Qd4 36. Rc7 a5 37. e5 h6 38. Qc5 Qd1+ 39. Kh2 Qxa4 40. Rxg7 Kxg7
41. Qe7+ 1-0

[Event "Bulgaria ch 2012"]
[Site "Panagyurishte BUL"]
[Date "2012.04.19"]
[Round "2.2"]
[White "Spasov, Vasil"]
[Black "Marholev, Dimitar"]
[Result "1-0"]
[WhiteElo "2571"]
[BlackElo "2383"]
[PlyCount "89"]
[EventDate "2012.04.18"]
[EventType "tourn"]
[EventRounds "11"]
[EventCountry "BUL"]
[EventCategory "11"]
[Source "lmi"]
[SourceDate "2012.04.18"]

1. e4 e5 2. Bc4 Nf6 3. d3 c6 4. Nf3 d5 5. Bb3 Bd6 6. Nc3 dxe4 7. Ng5 O-O 8.
Ncxe4 Nxe4 9. Nxe4 Bf5 10. Qf3 Bxe4 11. dxe4 a5 12. a4 Nd7 13. c3 Nc5 14. Bc2
Qe7 15. O-O Rad8 16. Be3 Ne6 17. Rad1 Bc5 18. Bc1 h6 19. g3 Rxd1 20. Rxd1 Bb6
21. Kg2 Rd8 22. Rxd8+ Qxd8 23. Bb3 Qe7 24. Bc4 Nc5 25. b3 Bc7 26. h4 Bb6 27.
Qg4 Kh8 28. Qc8+ Kh7 29. Ba3 Qf6 30. f3 Qe7 31. h5 Ba7 32. Qa8 Bb6 33. Qb8 Qg5
34. Qd6 Ne6 35. Bxe6 fxe6 36. Qxe6 Qxh5 37. Bd6 Qg5 38. Bxe5 Qe3 39. Qe7 Qg1+
40. Kh3 Qf1+ 41. Kg4 h5+ 42. Kh4 Bd8 43. Qxd8 Qxf3 44. Qd7 Qxe4+ 45. Bf4 1-0

[Event "Bulgaria ch 2012"]
[Site "Panagyurishte BUL"]
[Date "2012.04.19"]
[Round "2.3"]
[White "Janev, Evgeni"]
[Black "Arnaudov, G. Petar"]
[Result "1/2-1/2"]
[WhiteElo "2484"]
[BlackElo "2476"]
[PlyCount "183"]
[EventDate "2012.04.18"]
[EventType "tourn"]
[EventRounds "11"]
[EventCountry "BUL"]
[EventCategory "11"]
[Source "lmi"]
[SourceDate "2012.04.18"]

1. e4 e5 2. Nc3 Nf6 3. g3 d5 4. exd5 Nxd5 5. Bg2 Nxc3 6. bxc3 Nc6 7. Rb1 Bc5 8.
d3 O-O 9. Ne2 Be6 10. O-O Bd5 11. Bxd5 Qxd5 12. c4 Qf3 13. Nc3 Qxd1 14. Rxd1 b6
15. Be3 Nd4 16. Ne4 Be7 17. Bxd4 exd4 18. a4 f5 19. Nd2 Bf6 20. Re1 Rfe8 21.
Kf1 Kf7 22. Rxe8 Rxe8 23. a5 Re5 24. Nb3 Re6 25. Ra1 h5 26. axb6 axb6 27. h4
Ke7 28. Ra8 c5 29. Nd2 Kf7 30. Rb8 g5 31. hxg5 Bxg5 32. f4 Bf6 33. Nf3 Kg7 34.
Rb7+ Kg6 35. Kf2 Kh6 36. Rd7 Kg6 37. Rd5 Rc6 38. Re5 Rd6 39. Re1 Rc6 40. Kg2
Rd6 41. Kf2 Kf7 42. Rh1 Kg6 43. Rg1 Re6 44. Nh4+ Bxh4 45. gxh4+ Kf6 46. Rg5 Re3
47. Rxh5 Rh3 48. Ke2 Rh2+ 49. Kd1 Rh1+ 50. Kd2 Rh2+ 51. Kc1 Rh1+ 52. Kb2 Rf1
53. Rh6+ Ke7 54. Rxb6 Kd7 55. h5 Rxf4 56. h6 Rh4 57. Kc1 f4 58. Kd1 f3 59. Ke1
Rh2 60. Ra6 Kc7 61. Rf6 Kb7 62. Kf1 f2 63. Ke2 Kc7 64. Rxf2 Rxh6 65. Kd2 Rh1
66. Rf6 Kd7 67. Rg6 Kc7 68. Re6 Kd7 69. Re1 Rh2+ 70. Kc1 Rh8 71. Re5 Kd6 72.
Rg5 Kc6 73. Rg6+ Kc7 74. Rg2 Kc6 75. c3 dxc3 76. Kc2 Rh6 77. Kxc3 Rf6 78. Kd2
Rh6 79. Ke3 Re6+ 80. Kf4 Rd6 81. Rg3 Rd4+ 82. Ke3 Rd6 83. Rg4 Re6+ 84. Re4 Rh6
85. Re5 Rh3+ 86. Kd2 Rh6 87. Rd5 Re6 88. Kc3 Rh6 89. Kb3 Rh8 90. Rg5 Rh6 91.
Ka4 Rd6 92. Rg3 1/2-1/2

[Event "Bulgaria ch 2012"]
[Site "Panagyurishte BUL"]
[Date "2012.04.19"]
[Round "2.4"]
[White "Rusev, Krasimir"]
[Black "Petkov, Vladimir"]
[Result "1-0"]
[WhiteElo "2516"]
[BlackElo "2509"]
[PlyCount "103"]
[EventDate "2012.04.18"]
[EventType "tourn"]
[EventRounds "11"]
[EventCountry "BUL"]
[EventCategory "11"]
[Source "lmi"]
[SourceDate "2012.04.18"]

1. Nf3 c5 2. c4 Nc6 3. d4 cxd4 4. Nxd4 Nf6 5. Nc3 e6 6. a3 b6 7. Nxc6 dxc6 8.
Qxd8+ Kxd8 9. Bf4 Nd7 10. O-O-O f6 11. g4 e5 12. Bg3 Ba6 13. e3 Kc7 14. Rg1 Rd8
15. b4 Bc8 16. Kb2 Be7 17. Be2 Nb8 18. f4 exf4 19. Bxf4+ Kb7 20. Ne4 Be6 21.
Kc3 Rd7 22. Bf3 Rhd8 23. Rd4 g5 24. Bg3 h5 25. h3 hxg4 26. hxg4 f5 27. gxf5
Bxf5 28. b5 Bxe4 29. Rxd7+ Rxd7 30. Bxe4 Bf6+ 31. Kc2 Re7 32. Kd3 Rd7+ 33. Ke2
Re7 34. Bf3 Be5 35. Bxe5 Rxe5 36. Rh1 Kc7 37. Rh7+ Kd6 38. Rb7 Re8 39. Rxa7
cxb5 40. cxb5 Kc5 41. a4 Kb4 42. Bg4 Kb3 43. Bf5 Kc4 44. Kf3 Kb4 45. e4 Kc5 46.
Kg4 Rg8 47. e5 Kd5 48. e6 Ke5 49. Rb7 Kf6 50. Rf7+ Ke5 51. e7 Re8 52. Rf8 1-0

[Event "Bulgaria ch 2012"]
[Site "Panagyurishte BUL"]
[Date "2012.04.19"]
[Round "2.5"]
[White "Nikolov, Momchil"]
[Black "Enchev, Ivajlo"]
[Result "1/2-1/2"]
[WhiteElo "2550"]
[BlackElo "2432"]
[PlyCount "84"]
[EventDate "2012.04.18"]
[EventType "tourn"]
[EventRounds "11"]
[EventCountry "BUL"]
[EventCategory "11"]
[Source "lmi"]
[SourceDate "2012.04.18"]

1. d4 d5 2. c4 c6 3. Nf3 Nf6 4. e3 e6 5. b3 Nbd7 6. Bd3 Bd6 7. O-O e5 8. Be2
O-O 9. Ba3 Bxa3 10. Nxa3 Qe7 11. Nc2 Rd8 12. Qc1 c5 13. Qa3 b6 14. dxc5 Nxc5
15. cxd5 Nxd5 16. Qb2 f6 17. Rac1 Be6 18. Rfd1 Rac8 19. Na3 Nb4 20. Ne1 a6 21.
Nb1 Nd5 22. Nc3 Nxc3 23. Rxd8+ Rxd8 24. Rxc3 a5 25. Nd3 Nxd3 26. Rxd3 Rxd3 27.
Bxd3 Qc5 28. a3 g6 29. b4 axb4 30. axb4 Qd6 31. Qc3 Kg7 32. h3 Bd7 33. Bc2 Qc6
34. Qxc6 Bxc6 35. h4 f5 36. f4 Kf6 37. Bb3 h6 38. Kf2 g5 39. hxg5+ hxg5 40. g3
Be4 41. Ke2 gxf4 42. gxf4 Bb1 1/2-1/2

[Event "Bulgaria ch 2012"]
[Site "Panagyurishte BUL"]
[Date "2012.04.19"]
[Round "2.6"]
[White "Milchev, Nikolay"]
[Black "Delchev, Aleksander"]
[Result "0-1"]
[WhiteElo "2421"]
[BlackElo "2622"]
[PlyCount "168"]
[EventDate "2012.04.18"]
[EventType "tourn"]
[EventRounds "11"]
[EventCountry "BUL"]
[EventCategory "11"]
[Source "lmi"]
[SourceDate "2012.04.18"]

1. d4 Nf6 2. g3 d5 3. Bg2 c6 4. Nf3 Bf5 5. O-O e6 6. c4 Nbd7 7. Qb3 Qb6 8. Nc3
Be7 9. c5 Qa6 10. Nh4 O-O 11. Nxf5 exf5 12. Qc2 g6 13. Rd1 b6 14. b4 bxc5 15.
bxc5 Ne4 16. Nxe4 fxe4 17. e3 Rfb8 18. Bf1 Qc8 19. Qa4 Nf8 20. Bd2 Ne6 21. Qa6
Qd7 22. Bh3 Qb7 23. Qxb7 Rxb7 24. Bf1 Rab8 25. Ba6 Rb2 26. Bc3 Rc2 27. Rdc1
Rxc1+ 28. Rxc1 f5 29. Kf1 Kf7 30. Ke1 Ke8 31. Kd1 Kd7 32. Kc2 Bf6 33. Be2 h5
34. h4 Bd8 35. Kd2 Ng7 36. Kc2 Ne8 37. Bf1 Nf6 38. Be2 Ng4 39. Be1 Nh2 40. Bc3
Ng4 41. Be1 Ke6 42. Rb1 Rxb1 43. Kxb1 g5 44. hxg5 Bxg5 45. Kc2 h4 46. gxh4 Bxh4
47. Bxg4 fxg4 48. Kd1 Bd8 49. Ke2 Kf5 50. Kf1 Bc7 51. Bd2 Ke6 52. Ke2 Kd7 53.
Kd1 Kc8 54. Kc2 Kb7 55. Kb3 Bh2 56. Be1 Bg1 57. Kc3 g3 58. fxg3 Bxe3 59. g4 Kc8
60. Bh4 Kd7 61. a4 Ke6 62. Bd8 Kf7 63. Bh4 Kg6 64. Bd8 Bh6 65. Bb6 a6 66. Bd8
Bg7 67. g5 Kf5 68. Be7 e3 69. Kd3 Bxd4 70. g6 e2 71. Kxe2 Kxg6 72. Kd3 Bg1 73.
Bd6 Kf5 74. Bf8 Kf4 75. Bd6+ Kf3 76. Be7 Be3 77. Bd6 Bg5 78. Bc7 Kf2 79. Ba5
Kf1 80. Bb4 Bh4 81. Kd4 Bg3 82. Bd2 Ke2 83. Bb4 Bf4 84. Ba3 Kd2 0-1

[Event "Bulgaria ch 2012"]
[Site "Panagyurishte BUL"]
[Date "2012.04.20"]
[Round "3.1"]
[White "Delchev, Aleksander"]
[Black "Cheparinov, Ivan"]
[Result "0-1"]
[WhiteElo "2622"]
[BlackElo "2664"]
[PlyCount "84"]
[EventDate "2012.04.18"]
[EventType "tourn"]
[EventRounds "11"]
[EventCountry "BUL"]
[EventCategory "11"]
[Source "lmi"]
[SourceDate "2012.04.18"]

1. c4 e5 2. g3 Nf6 3. Bg2 d5 4. cxd5 Nxd5 5. Nc3 Nb6 6. e3 Nc6 7. Nge2 Bf5 8.
d4 exd4 9. Nxd4 Nxd4 10. exd4 c6 11. O-O Be6 12. d5 cxd5 13. Be3 Be7 14. f4 O-O
15. f5 Bd7 16. Nxd5 Bc6 17. Nxb6 axb6 18. Qxd8 Bxd8 19. Bd4 Ra4 20. Rfd1 h5 21.
a3 Re8 22. Bf2 Bf6 23. Rd2 b5 24. Bxc6 bxc6 25. Rb1 Re5 26. Rc2 Ra6 27. Rd1
Rxf5 28. Rd6 Rf3 29. b4 Rc3 30. Rxc3 Bxc3 31. a4 Rxa4 32. Rxc6 Bxb4 33. Rb6 Ra5
34. Rb8+ Kh7 35. Rb7 Kg6 36. Bd4 f6 37. Kf1 Bd6 38. Rb6 Bc7 39. Rb7 Be5 40. Bc5
Ra2 41. Bf8 Rxh2 42. Rxg7+ Kf5 0-1

[Event "Bulgaria ch 2012"]
[Site "Panagyurishte BUL"]
[Date "2012.04.20"]
[Round "3.2"]
[White "Enchev, Ivajlo"]
[Black "Milchev, Nikolay"]
[Result "1/2-1/2"]
[WhiteElo "2432"]
[BlackElo "2421"]
[PlyCount "82"]
[EventDate "2012.04.18"]
[EventType "tourn"]
[EventRounds "11"]
[EventCountry "BUL"]
[EventCategory "11"]
[Source "lmi"]
[SourceDate "2012.04.18"]

1. d4 Nf6 2. c4 c5 3. d5 e6 4. Nc3 exd5 5. cxd5 Bd6 6. Nf3 O-O 7. Bg5 Re8 8. e3
a6 9. a4 Bf8 10. Be2 d6 11. O-O Nbd7 12. Nd2 Rb8 13. e4 g6 14. Rb1 Qc7 15. Qc2
Bg7 16. Rfc1 h6 17. Be3 Ne5 18. h3 g5 19. b4 c4 20. b5 Bd7 21. Nf3 Nxf3+ 22.
Bxf3 g4 23. hxg4 Bxg4 24. Qe2 h5 25. Bg5 Qd7 26. bxa6 bxa6 27. Rxb8 Rxb8 28.
Nd1 Bxf3 29. Qxf3 Qg4 30. Bf4 Qg6 31. Rxc4 Rb1 32. Qd3 Ra1 33. f3 Nd7 34. Rc1
Nc5 35. Qe2 Rxa4 36. Ne3 Nb3 37. Rc8+ Kh7 38. Nf5 Nd4 39. Qd3 Bf6 40. Nxd4
Bxd4+ 41. Kh2 Be5 1/2-1/2

[Event "Bulgaria ch 2012"]
[Site "Panagyurishte BUL"]
[Date "2012.04.20"]
[Round "3.4"]
[White "Arnaudov, G. Petar"]
[Black "Rusev, Krasimir"]
[Result "1-0"]
[WhiteElo "2476"]
[BlackElo "2516"]
[PlyCount "77"]
[EventDate "2012.04.18"]
[EventType "tourn"]
[EventRounds "11"]
[EventCountry "BUL"]
[EventCategory "11"]
[Source "lmi"]
[SourceDate "2012.04.18"]

1. Nf3 d6 2. d4 Nf6 3. c4 g6 4. Nc3 Bf5 5. h3 Bg7 6. g4 Bd7 7. e4 O-O 8. Be3 c5
9. Qd2 cxd4 10. Nxd4 Nc6 11. Bg2 Rc8 12. Nxc6 Bxc6 13. O-O Nd7 14. Rac1 a6 15.
Rfd1 f5 16. exf5 gxf5 17. Nd5 fxg4 18. hxg4 Ne5 19. Bg5 Rf7 20. Qe2 h6 21. Bh4
Bd7 22. f4 Bxg4 23. Qe4 Nc6 24. Re1 Bf5 25. Qe2 Bd4+ 26. Kh1 Kf8 27. Rcd1 Qd7
28. Bxe7+ Nxe7 29. Rxd4 Re8 30. Qh5 Kg7 31. Rg1 Ng6 32. Bh3 Ref8 33. Ne3 Qe6
34. Nxf5+ Rxf5 35. Qd1 Qe3 36. Bxf5 Rxf5 37. Qg4 Qe6 38. Rxd6 Qxd6 39. Qxf5 1-0

[Event "Bulgaria ch 2012"]
[Site "Panagyurishte BUL"]
[Date "2012.04.20"]
[Round "3.6"]
[White "Radulski, Julian"]
[Black "Spasov, Vasil"]
[Result "1/2-1/2"]
[WhiteElo "2552"]
[BlackElo "2571"]
[PlyCount "70"]
[EventDate "2012.04.18"]
[EventType "tourn"]
[EventRounds "11"]
[EventCountry "BUL"]
[EventCategory "11"]
[Source "lmi"]
[SourceDate "2012.04.18"]

1. e4 c5 2. Nf3 Nc6 3. d4 cxd4 4. Nxd4 Nf6 5. Nc3 e5 6. Ndb5 d6 7. Bg5 a6 8.
Na3 b5 9. Nd5 Be7 10. Bxf6 Bxf6 11. c3 O-O 12. Nc2 Bg5 13. a4 bxa4 14. Rxa4 a5
15. Bc4 Rb8 16. b3 Kh8 17. Nce3 g6 18. h4 Bxh4 19. g3 Bg5 20. f4 exf4 21. gxf4
Bh4+ 22. Kf1 f5 23. Ra2 fxe4 24. Rah2 g5 25. Ng2 Rb7 26. Nxh4 gxh4 27. Rxh4 Rg7
28. Qh5 Be6 29. Qxh7+ Rxh7 30. Rxh7+ Kg8 31. Rh8+ Kg7 32. R8h7+ Kg8 33. Rh8+
Kg7 34. R8h7+ Kg8 35. Rh8+ Kg7 1/2-1/2

[Event "Bulgaria ch 2012"]
[Site "Panagyurishte BUL"]
[Date "2012.04.21"]
[Round "4.1"]
[White "Cheparinov, Ivan"]
[Black "Spasov, Vasil"]
[Result "1/2-1/2"]
[WhiteElo "2664"]
[BlackElo "2571"]
[PlyCount "80"]
[EventDate "2012.04.18"]
[EventType "tourn"]
[EventRounds "11"]
[EventCountry "BUL"]
[EventCategory "11"]
[Source "lmi"]
[SourceDate "2012.04.18"]

1. d4 Nf6 2. c4 g6 3. Nc3 Bg7 4. e4 d6 5. f3 O-O 6. Be3 a6 7. Qd2 Nbd7 8. Nge2
c5 9. Rd1 Qc7 10. h4 h5 11. dxc5 dxc5 12. Nf4 e6 13. Nd3 b6 14. Be2 Bb7 15. Bf4
e5 16. Bg5 Nh7 17. Be3 f5 18. Nf2 Nhf6 19. Bg5 Rf7 20. Qc2 Nh7 21. Be3 Raf8 22.
Nd5 Qc6 23. exf5 gxf5 24. Nh3 Bh6 25. Ng5 Rg7 26. f4 exf4 27. Bxf4 Qg6 28. Bf3
Nxg5 29. hxg5 Bxg5 30. Bxg5 Qxg5 31. Rxh5 Qg3+ 32. Kf1 Ne5 33. Qe2 Rh7 34. Rxh7
Kxh7 35. Re1 Bxd5 36. Bxd5 Qf4+ 37. Kg1 Qd4+ 38. Qe3 Re8 39. Kf1 Qxe3 40. Rxe3
Kg6 1/2-1/2

[Event "Bulgaria ch 2012"]
[Site "Panagyurishte BUL"]
[Date "2012.04.21"]
[Round "4.2"]
[White "Janev, Evgeni"]
[Black "Radulski, Julian"]
[Result "1/2-1/2"]
[WhiteElo "2484"]
[BlackElo "2552"]
[PlyCount "71"]
[EventDate "2012.04.18"]
[EventType "tourn"]
[EventRounds "11"]
[EventCountry "BUL"]
[EventCategory "11"]
[Source "lmi"]
[SourceDate "2012.04.18"]

1. e4 e5 2. Nc3 Nf6 3. Nf3 Nc6 4. g3 d5 5. exd5 Nd4 6. Bg2 Bg4 7. h3 Nxf3+ 8.
Bxf3 Bxf3 9. Qxf3 Bb4 10. O-O Bxc3 11. dxc3 Qxd5 12. Qxd5 Nxd5 13. Re1 f6 14.
f4 O-O-O 15. fxe5 Rhe8 16. Bf4 Nxf4 17. gxf4 fxe5 18. Rxe5 Rxe5 19. fxe5 Re8
20. Re1 Kd7 21. Kf2 Ke6 22. Re4 Rd8 23. Rh4 h6 24. Rg4 Rf8+ 25. Ke3 Rf7 26. Ra4
a6 27. Rf4 Rd7 28. Rd4 Rf7 29. Rb4 b6 30. Ra4 a5 31. Rf4 Rd7 32. Rd4 Rf7 33.
Rf4 Rd7 34. Rd4 Rf7 35. Rf4 Rd7 36. Rd4 1/2-1/2

[Event "Bulgaria ch 2012"]
[Site "Panagyurishte BUL"]
[Date "2012.04.21"]
[Round "4.3"]
[White "Rusev, Krasimir"]
[Black "Marholev, Dimitar"]
[Result "1-0"]
[WhiteElo "2516"]
[BlackElo "2383"]
[PlyCount "63"]
[EventDate "2012.04.18"]
[EventType "tourn"]
[EventRounds "11"]
[EventCountry "BUL"]
[EventCategory "11"]
[Source "lmi"]
[SourceDate "2012.04.18"]

1. d4 e6 2. e4 d5 3. Nd2 c5 4. exd5 Qxd5 5. Ngf3 cxd4 6. Bc4 Qd6 7. O-O Nf6 8.
Nb3 Nc6 9. Nbxd4 Nxd4 10. Nxd4 a6 11. c3 Qc7 12. Qe2 Bd7 13. h3 O-O-O 14. a4
Bd6 15. Be3 e5 16. Nc2 Bf5 17. Nb4 a5 18. Nd5 Nxd5 19. Bxd5 Bd7 20. b4 Bc6 21.
Bxc6 bxc6 22. Qa6+ Qb7 23. Qxa5 Bc7 24. Qc5 f5 25. Qc4 Kb8 26. b5 c5 27. Bxc5
e4 28. Rfd1 f4 29. b6 Be5 30. a5 Qc6 31. a6 e3 32. Qf7 1-0

[Event "Bulgaria ch 2012"]
[Site "Panagyurishte BUL"]
[Date "2012.04.21"]
[Round "4.5"]
[White "Milchev, Nikolay"]
[Black "Petkov, Vladimir"]
[Result "0-1"]
[WhiteElo "2421"]
[BlackElo "2509"]
[PlyCount "122"]
[EventDate "2012.04.18"]
[EventType "tourn"]
[EventRounds "11"]
[EventCountry "BUL"]
[EventCategory "11"]
[Source "lmi"]
[SourceDate "2012.04.18"]

1. Nf3 c5 2. g3 Nc6 3. Bg2 g6 4. O-O Bg7 5. d3 d6 6. a4 Bd7 7. c3 Qc8 8. Re1
Bh3 9. Bh1 h5 10. d4 h4 11. dxc5 hxg3 12. hxg3 Qf5 13. Ng5 Nf6 14. e4 Qd7 15.
cxd6 exd6 16. Bf4 O-O-O 17. Nd2 Bg4 18. f3 Be6 19. Nxe6 Qxe6 20. Nf1 Nh5 21.
Qd2 Nxf4 22. Qxf4 Bh6 23. Qg4 Qxg4 24. fxg4 Ne5 25. Bg2 Kc7 26. Rad1 Nxg4 27.
Rd4 Ne5 28. Re2 a5 29. Rd5 b6 30. Nh2 Bg7 31. Nf1 Rh5 32. Ne3 Rg5 33. Rb5 Rb8
34. Nd5+ Kc6 35. Ne7+ Kd7 36. Nd5 Rxg3 37. Nxb6+ Kc6 38. Nc4 Rxb5 39. axb5+
Kxb5 40. Nxd6+ Kc6 41. Ne8 Bf8 42. Nf6 Bc5+ 43. Kf1 a4 44. Nd5 Kb5 45. Rd2 Kc4
46. Nc7 Nd3 47. Nd5 Kb3 48. e5 Nxb2 49. Nf6 Rxg2 50. Kxg2 a3 51. Re2 a2 52. Re1
Nd3 53. Rd1 Nxe5 54. Ne4 Be3 55. c4 f5 56. Nf6 Nxc4 57. Nd5 Bd2 58. Kf3 g5 59.
Ke2 g4 60. Rg1 Kb2 61. Kd3 Ne5+ 0-1